| 000 | 00606nam a22001577a 4500 | ||
|---|---|---|---|
| 003 | NUST | ||
| 082 | _a670 | ||
| 100 |
_aTariq ,Abdul Wahab _9121306 |
||
| 245 |
_aDesign and Development of a Stamping Die for a Sheet Metal Part at 100-ton Press Machine / _cAbdul Wahab Tariq |
||
| 264 |
_aIslamabad : _bSMME- NUST; _c2018. |
||
| 300 |
_a72p. ; _c33cm |
||
| 650 |
_aMS Design and Manufacturing Engineering _9119567 |
||
| 700 |
_aDr. Shahid Ikramullah Butthttp://10.250.8.41:8080/xmlui/handle/123456789/12458 _9121307 |
||
| 856 | _uhttp://10.250.8.41:8080/xmlui/handle/123456789/12458 | ||
| 942 |
_2ddc _cTHE |
||
| 999 |
_c608152 _d608152 |
||